Άτομα με προβλήματα όρασης (ΑμΠΟ) και κοινωνικός αποκλεισμός : συγγραφή πτυχιακής μελέτης
Το θέμα το οποίο επιλέχθηκε να μελετηθεί και να παρουσιαστεί μέσα από την παρούσα πτυχιακή εργασία, αφορά τον κοινωνικό αποκλεισμό και την ένταξη των ατόμων με αναπηρία (ΑμεΑ) και συγκεκριμένα των ατόμων με προβλήματα όρασης (ΑμΠΟ). Στην εργασία θα αναφερθούν και θα επεξεργαστούν στοιχεία που αφορού...
Αποθηκεύτηκε σε:
| Κύριος συγγραφέας: | |
|---|---|
| Συγγραφή απο Οργανισμό/Αρχή: | |
| Μορφή: | Thesis Βιβλίο |
| Γλώσσα: | Greek |
| Δημοσίευση: |
2015.
|
| Θέματα: | |
| Διαθέσιμο Online: | http://hdl.handle.net/11610/7827 |
| Ετικέτες: |
Προσθήκη ετικέτας
Δεν υπάρχουν, Καταχωρήστε ετικέτα πρώτοι!
|
MARC
| LEADER | 00000cam a2200000 a 4500 | ||
|---|---|---|---|
| 001 | 1/109954 | ||
| 008 | 160217s2015####gr | ||| |||| ||gre|| | ||
| 040 | |a GR-MyUa |b gre |c GR-MyUa |e AACR2 | ||
| 041 | 0 | |a gre | |
| 082 | 7 | |a 362.4 |2 (23) | |
| 100 | 1 | |a Ιωάννου, Χριστίνα. | |
| 245 | 1 | 0 | |a Άτομα με προβλήματα όρασης (ΑμΠΟ) και κοινωνικός αποκλεισμός : |b συγγραφή πτυχιακής μελέτης / |c Ιωάννου Χριστίνα ; επιβλέπων καθηγητής Γιαβρίμης Παναγιώτης. |
| 260 | |c 2015. | ||
| 300 | |a 172 σ. |c 29 εκ. | ||
| 500 | |a Επιβλέπων καθηγητής: Γιαβρίμης Παναγιώτης. Μέλη επιτροπής: Τρουμπέτα Σεβαστή, Σαββάκης Μάνος. | ||
| 502 | |a Πτυχιακή εργασία – Πανεπιστήμιο Αιγαίου, Λέσβος, 2015. | ||
| 504 | |a Περιλαμβάνει βιβλιογραφία. | ||
| 506 | 1 | |a Διάθεση του πλήρους ηλεκτρονικού κειμένου - περιορισμένης πρόσβασης. | |
| 520 | 8 | |a Το θέμα το οποίο επιλέχθηκε να μελετηθεί και να παρουσιαστεί μέσα από την παρούσα πτυχιακή εργασία, αφορά τον κοινωνικό αποκλεισμό και την ένταξη των ατόμων με αναπηρία (ΑμεΑ) και συγκεκριμένα των ατόμων με προβλήματα όρασης (ΑμΠΟ). Στην εργασία θα αναφερθούν και θα επεξεργαστούν στοιχεία που αφορούν την κοινωνική ζωή και την πορεία των ΑμεΑ και ειδικότερα των ΑμΠΟ, την εκπαιδευτική πορεία με τις αντίστοιχες δυνατότητες, ευκαιρίες και τις αποκλίσεις, την επαγγελματική κατάρτιση και απόκλιση, τα δικαιώματα και τα διάφορα αντίστοιχα προγράμματα όπως Tell me how, Helios κλπ. | |
| 540 | |a Κλειδωμένη η δυνατότητα αντιγραφής (copy) του κειμένου. | ||
| 650 | 0 | |a Social isolation. | |
| 650 | 0 | |a People with disabilities |x Attitudes. | |
| 700 | 1 | |a Γιαβρίμης, Παναγιώτης, |e dgs | |
| 710 | 2 | |a Πανεπιστήμιο Αιγαίου |b Σχολή Κοινωνικών Επιστημών |b Τμήμα Κοινωνιολογίας. | |
| 852 | |a INST |b LESVOS |c DIATR |e 20160217 |h 548 |p 005100057178 |q 005100057178 |t DIE |y 23 | ||
| 856 | |u http://hdl.handle.net/11610/7827 | ||
| 924 | |a Ιωάννου |b Χριστίνα |y Λέσβος | ||
| 970 | |a Πατσή |b Ανθίππη |z 17-02-2016 | ||